Statistiche per Primi Ministri italiani

Clicka qui per fare il quiz!

Statistiche generali

  • Questo quiz è stato fatto 4.547 volte
    (1.105 dall'ultimo reset)
  • Il punteggio medio è 42 su 88

Statistiche sulle risposte

HintRisposta% Corretto
2022Meloni
96%
2018-2021Conte
95%
2021-2022Draghi
94%
2008-2011Berlusconi
93%
2001-2006Berlusconi
93%
1994-1995Berlusconi
93%
2014-2016Renzi
90%
2013-2014Letta
79%
2011-2013Monti
78%
1922-1943Mussolini
78%
1976-1979Andreotti
76%
1972-1973Andreotti
76%
1989-1992Andreotti
76%
2016-2018Gentiloni
75%
1996-1998Prodi
74%
2006-2008Prodi
74%
1983-1987Craxi
73%
1903-1905Giolitti
73%
1892-1893Giolitti
73%
1920-1921Giolitti
73%
1911-1914Giolitti
73%
1906-1909Giolitti
73%
1861Cavour
69%
1974-1976Moro
68%
1963-1968Moro
68%
1945-1953De Gasperi
65%
1998-2000D'Alema
56%
1993-1994Ciampi
55%
1979-1980Cossiga
54%
1992-1993Amato
51%
2000-2001Amato
51%
1968Leone
50%
1963Leone
50%
1943-1944Badoglio
49%
1958-1959Fanfani
49%
1982-1983Fanfani
49%
1954Fanfani
49%
1987Fanfani
49%
1960-1963Fanfani
49%
1893-1896Crispi
44%
1887-1891Crispi
44%
1878-1879Depretis
41%
1881-1887Depretis
41%
1876-1878Depretis
41%
1955-1957Segni
41%
1959-1960Segni
41%
1988-1989De Mita
40%
1995-1996Dini
40%
1981-1982Spadolini
38%
1922Facta
37%
1973-1974Rumor
37%
1968-1970Rumor
37%
1906Sonnino
36%
1909-1910Sonnino
36%
1914-1916Salandra
35%
1980-1981Forlani
34%
1944-1945Bonomi
33%
1921-1922Bonomi
33%
1987-1988Goria
33%
1917-1919Orlando
33%
1970-1972Colombo
30%
1954-1955Scelba
30%
1960Tambroni
30%
1953-1954Pella
29%
1898-1900Pelloux
29%
1864-1866La Marmora
27%
1919-1920Nitti
27%
1873-1876Minghetti
26%
1863-1864Minghetti
26%
1867Rattazzi
26%
1862Rattazzi
26%
1861-1862Ricasoli
26%
1866-1867Ricasoli
26%
1901-1903Zanardelli
26%
1878Cairoli
25%
1879-1881Cairoli
25%
1945Parri
25%
1957-1958Zoli
25%
1896-1898Di Rudinì
23%
1891-1892Di Rudinì
23%
1869-1873Lanza
23%
1867-1869Menabrea
21%
1862-1863Farini
20%
1916-1917Boselli
19%
1905-1906Fortis
19%
1905Tittoni
19%
1910-1911Luzzatti
18%
1900-1901Saracco
18%

Distribuzione punteggi

Percentile per numero di risposta

Percentuale di utenti per punteggio

I tuoi punteggi nel tempo

Non hai fatto questo quiz dall'ultimo reset